000 01239nam a22002777a 4500
005 20170124102921.0
010 _aA-801789
020 _c85.00
_a8173120374
035 _aA-801789
037 _bCen Lib/Ret
040 _aDPL
_bHN
082 _a921
100 _aशास्त्री, देवव्रत
_940
245 _aगणेशशंकर विद्यार्थी विद्यार्थी /
_cदेवव्रत शास्त्री; संपादक बरसीदास चतुर्वेदी
246 _agaresh shankar vidyarti
_bby Dev Varat Shastri
260 _bआत्माराम एंड संस
_c1996
_aदिल्ली
270 _aकश्मीरी गेट
_bदिल्ली
_e110006
300 _a175पृ.
_c18सेमी(सजिल्द)
_b
490 _aशहीद ग्रन्थ माला
650 _aहिंदी साहित्य
_941
650 _aलघु कहानियां
_942
650 _aHindi literature
_943
650 _aShort stories
_944
700 _aचतुर्वेदी, बनारसीदास
_945
942 _2ddc
_cHN
_h921
_k
_mशास्त्री
999 _c111294
_d111294